000 00482nam a22001697a 4500
005 20251108170532.0
008 250721s1997 xx 000 0 ara d
082 1 4 _a818.02/خري
100 1 _aالخريشا، فتحي فايز أبو دخينة
245 1 0 _aضياءات في ظلال الحكمة /
264 1 _aعمان :
_bالمؤلف،
_c1997.
300 _a95ص.
650 1 7 _aالأدب العربي
650 1 7 _aالحكمة
942 _2ddc
_cBK
999 _c42898
_d42898